<?xml version="1.0" encoding="UTF-8"?><marc:collection xmlns:marc="http://www.loc.gov/MARC21/slim">
  <marc:record>
    <marc:leader>00000nam##2200000za#4500</marc:leader>
    <marc:controlfield tag="001">9.700207</marc:controlfield>
    <marc:controlfield tag="003">CaOODSP</marc:controlfield>
    <marc:controlfield tag="005">20210625000730</marc:controlfield>
    <marc:controlfield tag="007">cr |||||||||||</marc:controlfield>
    <marc:controlfield tag="008">150407|2003||||xxc|||||o    f|0| 0 eng|d</marc:controlfield>
    <marc:datafield tag="040" ind1=" " ind2=" ">
      <marc:subfield code="a">CaOODSP</marc:subfield>
      <marc:subfield code="b">eng</marc:subfield>
    </marc:datafield>
    <marc:datafield tag="043" ind1=" " ind2=" ">
      <marc:subfield code="a">n-cn---</marc:subfield>
    </marc:datafield>
    <marc:datafield tag="086" ind1="1" ind2=" ">
      <marc:subfield code="a">SC84-2/5555-1008E-MP3</marc:subfield>
    </marc:datafield>
    <marc:datafield tag="110" ind1="1" ind2=" ">
      <marc:subfield code="a">Canada.</marc:subfield>
      <marc:subfield code="b">Public Service Commission of Canada. </marc:subfield>
      <marc:subfield code="b">Language Training Canada.</marc:subfield>
    </marc:datafield>
    <marc:datafield tag="245" ind1="1" ind2="0">
      <marc:subfield code="a">Interface Canada. Book 8 audio file </marc:subfield>
      <marc:subfield code="h">[electronic resource]</marc:subfield>
    </marc:datafield>
    <marc:datafield tag="246" ind1="1" ind2=" ">
      <marc:subfield code="i">Additional title (within publication) : </marc:subfield>
      <marc:subfield code="a">Interface Canada tests. Book 8 audio file</marc:subfield>
    </marc:datafield>
    <marc:datafield tag="260" ind1=" " ind2=" ">
      <marc:subfield code="a">Ottawa - Ontario : </marc:subfield>
      <marc:subfield code="b">Public Service Commission. </marc:subfield>
      <marc:subfield code="c">2003.</marc:subfield>
    </marc:datafield>
    <marc:datafield tag="300" ind1=" " ind2=" ">
      <marc:subfield code="a">Duration: 00:51:17</marc:subfield>
    </marc:datafield>
    <marc:datafield tag="500" ind1=" " ind2=" ">
      <marc:subfield code="a">Title supplied by cataloguer. Comprised of sound files related to the print and PDF versions of: Interface Canada. Teacher's book 8 and Tests book 8. Contents: Unit 69, Presentation, Pt.2 -- Unit 69, Practice 3 -- Unit 70, Presentation, Conversations -- Unit 70, Presentation, Don't likes -- Unit 70, Presentation, Likes -- Unit 71, Presentation, Pt.2 -- Unit 72, Presentation, Feedback -- Unit 72, Presentation, Positive feedback -- Unit 73, Presentation, Pt.2 -- Unit 73, Practice 2 -- Unit 74, Presentation, Pt.1 -- Unit 74, Presentation, Pt.3 -- Unit 74, Practice 2 -- Unit 75, Presentation -- Unit 76, Presentation -- Unit 76, Practice 2 -- Tests, Part 1, Intro. -- Tests, Conversations.</marc:subfield>
    </marc:datafield>
    <marc:datafield tag="520" ind1="3" ind2=" ">
      <marc:subfield code="a">INTERFACE CANADA is a series for adults studying English as a second language. The series, which covers the beginning to upper-intermediate levels, provides a functional-notional syllabus as well as a structural syllabus. The material is designed primarily to develop speaking and listening skills, with a special emphasis on language used in the office. The INTERFACE CANADA series consists of student books 1 to 8, teacher books 1 to 8, Role Playing for Consolidation – student and teacher books, and accompanying cassettes. Each book provides approximately fifty hours of classroom instruction.</marc:subfield>
    </marc:datafield>
    <marc:datafield tag="590" ind1=" " ind2=" ">
      <marc:subfield code="a">15-01-Supp</marc:subfield>
      <marc:subfield code="b">2015-01-26</marc:subfield>
    </marc:datafield>
    <marc:datafield tag="590" ind1=" " ind2=" ">
      <marc:subfield code="a">14-52-Supp</marc:subfield>
      <marc:subfield code="b">2014-08-22</marc:subfield>
    </marc:datafield>
    <marc:datafield tag="690" ind1="0" ind2="7">
      <marc:subfield code="a">Educational resources</marc:subfield>
      <marc:subfield code="2">gcpds</marc:subfield>
    </marc:datafield>
    <marc:datafield tag="690" ind1="0" ind2="7">
      <marc:subfield code="a">English language</marc:subfield>
      <marc:subfield code="2">gcpds</marc:subfield>
    </marc:datafield>
    <marc:datafield tag="690" ind1="0" ind2="7">
      <marc:subfield code="a">Teachers</marc:subfield>
      <marc:subfield code="2">gcpds</marc:subfield>
    </marc:datafield>
    <marc:datafield tag="856" ind1="4" ind2="0">
      <marc:subfield code="a">http://publications.gc.ca</marc:subfield>
      <marc:subfield code="q">MP3</marc:subfield>
      <marc:subfield code="s">3.68 MB</marc:subfield>
      <marc:subfield code="u">https://publications.gc.ca/collections/collection_2014/efpc-csps/SC84-2-5555-1008-t8-eng.mp3</marc:subfield>
    </marc:datafield>
    <marc:datafield tag="856" ind1="4" ind2="0">
      <marc:subfield code="a">http://publications.gc.ca</marc:subfield>
      <marc:subfield code="q">MP3</marc:subfield>
      <marc:subfield code="s">18.1 MB</marc:subfield>
      <marc:subfield code="u">https://publications.gc.ca/collections/collection_2014/efpc-csps/SC84-2-5555-1008-t8-1-eng.mp3</marc:subfield>
    </marc:datafield>
    <marc:datafield tag="856" ind1="4" ind2="0">
      <marc:subfield code="a">http://publications.gc.ca</marc:subfield>
      <marc:subfield code="q">MP3</marc:subfield>
      <marc:subfield code="s">3.76 MB</marc:subfield>
      <marc:subfield code="u">https://publications.gc.ca/collections/collection_2014/efpc-csps/SC84-2-5555-1008-69-2-eng.mp3</marc:subfield>
    </marc:datafield>
    <marc:datafield tag="856" ind1="4" ind2="0">
      <marc:subfield code="a">http://publications.gc.ca</marc:subfield>
      <marc:subfield code="q">MP3</marc:subfield>
      <marc:subfield code="s">5.84 MB</marc:subfield>
      <marc:subfield code="u">https://publications.gc.ca/collections/collection_2014/efpc-csps/SC84-2-5555-1008-69-p3-eng.mp3</marc:subfield>
    </marc:datafield>
    <marc:datafield tag="856" ind1="4" ind2="0">
      <marc:subfield code="a">http://publications.gc.ca</marc:subfield>
      <marc:subfield code="q">MP3</marc:subfield>
      <marc:subfield code="s">6.39 MB</marc:subfield>
      <marc:subfield code="u">https://publications.gc.ca/collections/collection_2014/efpc-csps/SC84-2-5555-1008-70-1-eng.mp3</marc:subfield>
    </marc:datafield>
    <marc:datafield tag="856" ind1="4" ind2="0">
      <marc:subfield code="a">http://publications.gc.ca</marc:subfield>
      <marc:subfield code="q">MP3</marc:subfield>
      <marc:subfield code="s">3.50 MB</marc:subfield>
      <marc:subfield code="u">https://publications.gc.ca/collections/collection_2014/efpc-csps/SC84-2-5555-1008-70-2-eng.mp3</marc:subfield>
    </marc:datafield>
    <marc:datafield tag="856" ind1="4" ind2="0">
      <marc:subfield code="a">http://publications.gc.ca</marc:subfield>
      <marc:subfield code="q">MP3</marc:subfield>
      <marc:subfield code="s">2.74 MB</marc:subfield>
      <marc:subfield code="u">https://publications.gc.ca/collections/collection_2014/efpc-csps/SC84-2-5555-1008-71-2-eng.mp3</marc:subfield>
    </marc:datafield>
    <marc:datafield tag="856" ind1="4" ind2="0">
      <marc:subfield code="a">http://publications.gc.ca</marc:subfield>
      <marc:subfield code="q">MP3</marc:subfield>
      <marc:subfield code="s">3.18 MB</marc:subfield>
      <marc:subfield code="u">https://publications.gc.ca/collections/collection_2014/efpc-csps/SC84-2-5555-1008-70-3-eng.mp3</marc:subfield>
    </marc:datafield>
    <marc:datafield tag="856" ind1="4" ind2="0">
      <marc:subfield code="a">http://publications.gc.ca</marc:subfield>
      <marc:subfield code="q">MP3</marc:subfield>
      <marc:subfield code="s">5,82 MB</marc:subfield>
      <marc:subfield code="u">https://publications.gc.ca/collections/collection_2014/efpc-csps/SC84-2-5555-1008-72-1-eng.mp3</marc:subfield>
    </marc:datafield>
    <marc:datafield tag="856" ind1="4" ind2="0">
      <marc:subfield code="a">http://publications.gc.ca</marc:subfield>
      <marc:subfield code="q">MP3</marc:subfield>
      <marc:subfield code="s">2.44 MB</marc:subfield>
      <marc:subfield code="u">https://publications.gc.ca/collections/collection_2014/efpc-csps/SC84-2-5555-1008-72-2-eng.mp3</marc:subfield>
    </marc:datafield>
    <marc:datafield tag="856" ind1="4" ind2="0">
      <marc:subfield code="a">http://publications.gc.ca</marc:subfield>
      <marc:subfield code="q">MP3</marc:subfield>
      <marc:subfield code="s">2.12 MB</marc:subfield>
      <marc:subfield code="u">https://publications.gc.ca/collections/collection_2014/efpc-csps/SC84-2-5555-1008-73-2-eng.mp3</marc:subfield>
    </marc:datafield>
    <marc:datafield tag="856" ind1="4" ind2="0">
      <marc:subfield code="a">http://publications.gc.ca</marc:subfield>
      <marc:subfield code="q">MP3</marc:subfield>
      <marc:subfield code="s">13.4 MB</marc:subfield>
      <marc:subfield code="u">https://publications.gc.ca/collections/collection_2014/efpc-csps/SC84-2-5555-1008-73-p2-eng.mp3</marc:subfield>
    </marc:datafield>
    <marc:datafield tag="856" ind1="4" ind2="0">
      <marc:subfield code="a">http://publications.gc.ca</marc:subfield>
      <marc:subfield code="q">MP3</marc:subfield>
      <marc:subfield code="s">3.88 MB</marc:subfield>
      <marc:subfield code="u">https://publications.gc.ca/collections/collection_2014/efpc-csps/SC84-2-5555-1008-74-2-eng.mp3</marc:subfield>
    </marc:datafield>
    <marc:datafield tag="856" ind1="4" ind2="0">
      <marc:subfield code="a">http://publications.gc.ca</marc:subfield>
      <marc:subfield code="q">MP3</marc:subfield>
      <marc:subfield code="s">5.33 MB</marc:subfield>
      <marc:subfield code="u">https://publications.gc.ca/collections/collection_2014/efpc-csps/SC84-2-5555-1008-74-p2-eng.mp3</marc:subfield>
    </marc:datafield>
    <marc:datafield tag="856" ind1="4" ind2="0">
      <marc:subfield code="a">http://publications.gc.ca</marc:subfield>
      <marc:subfield code="q">MP3</marc:subfield>
      <marc:subfield code="s">2.91 MB</marc:subfield>
      <marc:subfield code="u">https://publications.gc.ca/collections/collection_2014/efpc-csps/SC84-2-5555-1008-74-3-eng.mp3</marc:subfield>
    </marc:datafield>
    <marc:datafield tag="856" ind1="4" ind2="0">
      <marc:subfield code="a">http://publications.gc.ca</marc:subfield>
      <marc:subfield code="q">MP3</marc:subfield>
      <marc:subfield code="s">5.51 MB</marc:subfield>
      <marc:subfield code="u">https://publications.gc.ca/collections/collection_2014/efpc-csps/SC84-2-5555-1008-75-eng.mp3</marc:subfield>
    </marc:datafield>
    <marc:datafield tag="856" ind1="4" ind2="0">
      <marc:subfield code="a">http://publications.gc.ca</marc:subfield>
      <marc:subfield code="q">MP3</marc:subfield>
      <marc:subfield code="s">1.39 MB</marc:subfield>
      <marc:subfield code="u">https://publications.gc.ca/collections/collection_2014/efpc-csps/SC84-2-5555-1008-76-eng.mp3</marc:subfield>
    </marc:datafield>
    <marc:datafield tag="856" ind1="4" ind2="0">
      <marc:subfield code="a">http://publications.gc.ca</marc:subfield>
      <marc:subfield code="q">MP3</marc:subfield>
      <marc:subfield code="s">4.12 MB</marc:subfield>
      <marc:subfield code="u">https://publications.gc.ca/collections/collection_2014/efpc-csps/SC84-2-5555-1008-76-p2-eng.mp3</marc:subfield>
    </marc:datafield>
  </marc:record>
</marc:collection>
